Normale Ansicht
MARC-Ansicht
Eintrag Personenname
001 - Kontrollnummer
- Kontrollfeld: 16937
003 - Kontrollnummer Identifier
- Kontrollfeld: RU-10907106
005 - Datum und Zeit der letzten Transaktion
- Kontrollfeld: 20221118094036.0
008 - Datenelemente mit fester Länge
- Kontrollfeld mit fester Länge: 221118|| aca||aabn | a|a d
040 ## - Katalogisierungsquelle
- Original-Katalogisierungsstelle: RU-10907106
- Übertragungsstelle: RU-10907106
100 ## - Ansetzung - Personenname
- Personenname: Jeismann, Karl-Ernst
670 ## - Datenquelle
- Quellenangabe: Work cat.: (RU-10907106)27328: Jeismann, Karl-Ernst, Das preußische Gymnasium in Staat und Gesellschaft Band 2 Höhere Bildung zwischen Reform und Reaktion 1817 - 1859 /